A Step further / (Record no. 357635)
[ view plain ]
| 000 -LEADER | |
|---|---|
| fixed length control field | 00709nam a2200241Ia 4500 |
| 008 - FIXED-LENGTH DATA ELEMENTS--GENERAL INFORMATION | |
| fixed length control field | 180523s9999 xx 000 0 und d |
| 020 ## - INTERNATIONAL STANDARD BOOK NUMBER | |
| International Standard Book Number | 0-310-23970-2 |
| 050 ## - LIBRARY OF CONGRESS CALL NUMBER | |
| Classification number | MAIN RC 406 |
| 050 ## - LIBRARY OF CONGRESS CALL NUMBER | |
| Item number | .T4E27 1978 |
| 100 ## - MAIN ENTRY--PERSONAL NAME | |
| Personal name | Eareckson, Joni. |
| 245 #2 - TITLE STATEMENT | |
| Title | A Step further / |
| 245 #0 - TITLE STATEMENT | |
| Statement of responsibility, etc | Joni Eareckson & Steve Estes. |
| 260 ## - PUBLICATION, DISTRIBUTION, ETC. (IMPRINT) | |
| Place of publication, distribution, etc | USA : |
| 260 ## - PUBLICATION, DISTRIBUTION, ETC. (IMPRINT) | |
| Name of publisher, distributor, etc | Billy Graham Evangelistic Association., |
| 260 ## - PUBLICATION, DISTRIBUTION, ETC. (IMPRINT) | |
| Date of publication, distribution, etc | 1978 |
| 300 ## - PHYSICAL DESCRIPTION | |
| Extent | 190 pages : |
| 300 ## - PHYSICAL DESCRIPTION | |
| Other physical details | illustrations ; |
| 300 ## - PHYSICAL DESCRIPTION | |
| Dimensions | 20 cm. |
| 500 ## - GENERAL NOTE | |
| General note | Includes bibliographical references. |
| 650 ## - SUBJECT ADDED ENTRY--TOPICAL TERM | |
| Topical term or geographic name as entry element | Quadriplegics -- United States -- Biography. |
| 650 ## - SUBJECT ADDED ENTRY--TOPICAL TERM | |
| Topical term or geographic name as entry element | Tada, Joni Eareckson -- Religious life. |
| 650 ## - SUBJECT ADDED ENTRY--TOPICAL TERM | |
| General subdivision | Tada, Joni Eareckson -- Health. |
| Withdrawn status | Lost status | Damaged status | Home library | Current library | Shelving location | Date acquired | Total Checkouts | Full call number | Barcode | Date last seen | Price effective from | Koha item type |
|---|---|---|---|---|---|---|---|---|---|---|---|---|
| South Mansfield College | South Mansfield College | 01/11/2008 | MAIN RC 406 .T4E27 1978 | SMC04674 | 05/23/2018 | 05/23/2018 |